Chemical engineering kinetics (Record no. 6589)

000 -LEADER
fixed length control field 00510nam a2200193 4500
001 - CONTROL NUMBER
control field 6589
003 - CONTROL NUMBER IDENTIFIER
control field BD-DhUET
008 - FIXED-LENGTH DATA ELEMENTS--GENERAL INFORMATION
fixed length control field 700825s1970 nyua b 001 0 eng
040 ## - CATALOGING SOURCE
Transcribing agency 0
Modifying agency BD-DhUET
Original cataloging agency DLC
082 00 - DEWEY DECIMAL CLASSIFICATION NUMBER
Classification number 541.39
Item number SMI/1970
100 ## - MAIN ENTRY--PERSONAL NAME
Personal name Smith, J. M.
245 10 - TITLE STATEMENT
Title Chemical engineering kinetics
250 ## - EDITION STATEMENT
Edition statement 2nd ed.
260 ## - PUBLICATION, DISTRIBUTION, ETC. (IMPRINT)
Place of publication, distribution, etc. New York
Name of publisher, distributor, etc. McGraw-Hill
Date of publication, distribution, etc. 1970
300 ## - PHYSICAL DESCRIPTION
Extent xviii, 612p.
Other physical details ill.
490 0# - SERIES STATEMENT
Series statement McGraw-Hill chemical engineering series
650 #0 - SUBJECT ADDED ENTRY--TOPICAL TERM
Topical term or geographic name as entry element Kinetics : Physical chemistry
942 ## - ADDED ENTRY ELEMENTS (KOHA)
Koha item type General Book
Holdings
Lost status Not for loan Withdrawn status Sublocation or collection (holding branch) Price effective from Source of classification or shelving scheme Date acquired Damaged status Koha normalized classification for sorting Piece designation (barcode) Koha full call number Shelving location Koha date last seen Copy number Location (home branch) Koha item type
   Central Library, BUET2014-12-04 2014-12-04 541_390000000000000_SMI_197084576541.39/SMI/1970Circulation section2014-12-041Central Library, BUETGeneral Book
   Central Library, BUET2014-12-12 2014-12-12 541_390000000000000_SMI_197029865541.39/SMI/1970Circulation section2014-12-122Central Library, BUETGeneral Book
   Central Library, BUET2014-12-12 2014-12-12 541_390000000000000_SMI_197029867541.39/SMI/1970Circulation section2014-12-123Central Library, BUETGeneral Book
   Central Library, BUET2014-12-12 2014-12-12 541_390000000000000_SMI_197029863541.39/SMI/1970Circulation section2014-12-124Central Library, BUETGeneral Book
   Central Library, BUET2015-03-11 2015-03-11 541_390000000000000_SMI_197029871541.39/SMI/1970Circulation section2015-03-115Central Library, BUETGeneral Book
   Central Library, BUET2015-03-14 2015-03-14 541_390000000000000_SMI_197029868541.39/SMI/1970Circulation section2015-03-146Central Library, BUETGeneral Book
   Central Library, BUET2015-03-14 2015-03-14 541_390000000000000_SMI_197037045541.39/SMI/1970Circulation section2015-03-147Central Library, BUETGeneral Book
   Central Library, BUET2015-04-23 2015-04-23 541_390000000000000_SMI_197029869541.39/SMI/1970Circulation section2015-04-238Central Library, BUETGeneral Book
   Central Library, BUET2015-04-23 2015-04-23 541_390000000000000_SMI_197029859541.39/SMI/1970Circulation section2015-04-239Central Library, BUETGeneral Book
   Central Library, BUET2015-04-26 2015-04-26 541_390000000000000_SMI_197029870541.39/SMI/1970Circulation section2015-04-2610Central Library, BUETGeneral Book
   Central Library, BUET2015-04-26 2015-04-26 541_390000000000000_SMI_197029861541.39/SMI/1970Circulation section2015-04-2611Central Library, BUETGeneral Book
   Central Library, BUET2015-04-27 2015-04-27 541_390000000000000_SMI_197025967541.39/SMI/1970Circulation section2015-04-2712Central Library, BUETGeneral Book
   Central Library, BUET2015-04-27 2015-04-27 541_390000000000000_SMI_197029860541.39/SMI/1970Circulation section2015-04-2713Central Library, BUETGeneral Book
   Central Library, BUET2015-06-08 2015-06-08 541_390000000000000_SMI_197029862541.39/SMI/1970Reading section2015-06-0814Central Library, BUETReading Item
   Central Library, BUET2015-06-08 2015-06-08 541_390000000000000_SMI_197029866541.39/SMI/1970Reading section2015-06-0815Central Library, BUETReading Item
   Central Library, BUET2015-06-08 2015-06-08 541_390000000000000_SMI_197029872541.39/SMI/1970Reading section2015-06-0816Central Library, BUETReading Item
   Central Library, BUET2015-06-08 2015-06-08 541_390000000000000_SMI_197029864541.39/SMI/1970Reading section2015-06-0817Central Library, BUETReading Item